La educación superior en Chile.
Saved in:
| 企業作者: | |
|---|---|
| 格式: | 圖書 |
| 出版: |
Santiago, Chile:
Ministerio de Educación,
2009.
|
| 叢編: | Revisión de Políticas Nacionales de Educación
|
| 主題: | |
| 在線閱讀: | Disponible Online - OECD |
| 標簽: |
添加標簽
沒有標簽, 成為第一個標記此記錄!
|
MARC
| LEADER | 00000cam a2200000 a 4500 | ||
|---|---|---|---|
| 001 | UCH1731 | ||
| 003 | CL-VaPUC | ||
| 005 | 20231012112142.0 | ||
| 008 | 230330t2009 ||||| |||| 00| 0 eng d | ||
| 999 | |c 333646 |d 333644 | ||
| 020 | |a 978-92-64-05414-1 | ||
| 040 | |c Pontificia Universidad Católica de Valparaíso | ||
| 082 | 0 | 4 | |a 378.983 OCD 2009 |2 21 |
| 110 | 2 | |a OCDE |e autor |9 536226 | |
| 245 | 1 | 3 | |a La educación superior en Chile. |
| 260 | |a Santiago, Chile: |b Ministerio de Educación, |c 2009. | ||
| 300 | |a 329 páginas. | ||
| 490 | 0 | |a Revisión de Políticas Nacionales de Educación | |
| 500 | |a c.4 Donación Rectoria 2022. | ||
| 583 | |a last modification |c 20130829 05:04:10 |k Rodrigo Vera | ||
| 650 | 0 | |a Educación superior |9 223851 | |
| 650 | 0 | |a Política educacional |9 308011 | |
| 650 | 0 | |a Calidad de la educación |9 307271 | |
| 650 | 0 | |a Planificación de la educación |9 307333 | |
| 650 | 0 | |a Investigación educacional |9 261192 | |
| 856 | |u https://www.oecd-ilibrary.org/docserver/9789264054189-es.pdf?expires=1680207356&id=id&accname=ocid54019726&checksum=4AC2D05E279BC01C72E6890BB5288816 |y Disponible Online - OECD | ||
| 942 | |c BK |2 ddc | ||
| 945 | |d 20090514 00:00:00 |a rbrito | ||
| 952 | |0 0 |1 0 |4 0 |6 378_983000000000000_OCD_2009 |7 0 |8 A |9 422184 |a BIBEDU |b BIBEDU |d 2019-11-22 |i 4548698 |o 378.983 OCD 2009 |p 4548698 |r 2019-11-22 |w 2019-11-22 |y BK |k EDU | ||
| 952 | |0 0 |1 0 |4 0 |6 378_983000000000000_OCD_2009 |7 0 |8 A |9 422185 |a BIBEDU |b BIBEDU |d 2019-11-22 |i 4701372 |o 378.983 OCD 2009 |p 4701372 |r 2019-11-22 |w 2019-11-22 |y BK |k EDU | ||
| 952 | |0 0 |1 0 |2 ddc |4 0 |6 378_983000000000000_OCD_2009 |7 0 |8 ED_SUP |9 589361 |a BIBGIM |b BIBGIM |c S_PSTGRDO |d 2023-03-30 |e Donación |i 5656909 |o 378.983 OCD 2009 |p 5656909 |r 2025-01-15 |t 3 |w 2023-03-30 |y BK |k ESU | ||
| 952 | |0 0 |1 0 |2 ddc |4 0 |6 378_983000000000000_OCD_2009 |7 0 |8 ED_SUP |9 591923 |a BIBGIM |b BIBGIM |c S_PSTGRDO |d 2023-10-12 |e Donación |i 5659032 |o 378.983 OCD 2009 |p 5659032 |r 2025-01-15 |t 4 |w 2023-10-12 |y BK |k ESU | ||